000 01146nam0a2200337 4500
001 RU\NLR\BIBL_A\022624799
005 20260420053618.0
010 _a978-5-907677-89-0
_9100
021 _aRU
_bКН-П-25-046097
_9КН-П-25-4474
035 _a(NLR Aleph) 022624799
090 _a13684508
_c13684508
100 _a20250918d2025 u y0rusy50 ca
101 0 _arus
102 _aRU
105 _aa z 000ay
181 0 _ai
_baxxe
181 0 _ab2
_bbb2e
182 0 _an
200 1 _aСказки Старого Сарая
_fТатьяна Шарпарь
_g[иллюстрации: Елена Ивановна Таган]
203 _aТекст
_aИзображение
_bвизуальные
_cнепосредственные
210 _aИжевск
_cШелест
_d2025
215 _a98 с.
_cцв. ил.
_d29
333 _a0+
686 0 _aШ9(2)60=Р7-2
700 1 _aШарпарь
_bТ. С.
_gТатьяна Сергеевна
702 1 _aТаган
_bЕ. И.
_gЕлена Ивановна
_4440
942 _cBOOK
980 _aNB